000 01282nam a22003497a 4500
003 CHAP
005 20220329133951.0
008 971013s1978 r 00010 d
010 _a13361
011 _a14333
035 _a18406
040 _cCHAP
090 _aTesis
100 0 0 _aGómez Quiles, José Manuel.
_949867
245 _aPerspectivas del desarrollo ovino en el estado de Chiapas. I. Estudio del proceso textil indígena en las comunidades de San Juan Chamula y Zinacantán, Chiapas
260 _aMéxico, D.F. :
_bEl autor,
_c1978
300 _a87 h.
_b: ilus
502 _aTesis (Médico Veterinario Zootecnista) -- UNAM> Fac. de Medicina Veterinaria y Zootecnia
590 _aALEPH
_b10
_c20130110
_lUCH01
_h1232
590 _aBATCH-UPD
_b10
_c20130109
_lUCH01
_h2332
590 _aBATCH-UPD
_b10
_c20130110
_lUCH01
_h1312
590 _aBATCH-UPD
_b10
_c20130410
_lUCH01
_h0825
590 _aBATCH-UPD
_b10
_c20130914
_lUCH01
_h1145
590 _aCONVERSION
_b10
_c20130109
_lUCH01
_h1309
650 1 4 _aDesarrollo de la comunidad rural
_zChiapas.
_932034
650 1 4 _aGanado lanar.
_945150
650 1 4 _aGanado lanar
_xChiapas.
_945162
650 1 4 _aIndustrias textiles
_xChiapas.
_958039
901 _aBK
942 _cTESIS
949 _bBC
_cTES
_d-42958
_eTS1
_i18406
_si
999 _c13361
_d13361